Capitales del mundo con un mapa - Estadísticas

Estadísticas generales
  • Esta prueba ha sido intentada 60 veces
    21 desde el último reinicio
  • La puntuación promedio es 129 de 200
Respuestas en el mapa
Las respuestas están codificadas por una escala verde-roja en el mapa de la prueba según el % correcto abajo.
 
Estadísticas de respuestas
País Capital % Correcto
Países Bajos Ámsterdam
92%
Turquía Ankara
92%
Grecia Atenas
92%
Alemania Berlín
92%
Suiza Berna
92%
Colombia Bogotá
92%
Brasil Brasilia
92%
Bélgica Bruselas
92%
Rumanía Bucarest
92%
Hungría Budapest
92%
Argentina Buenos Aires
92%
Australia Canberra
92%
Venezuela Caracas
92%
Ciudad del Vaticano Ciudad del Vaticano
92%
México Ciudad de México
92%
Panamá Ciudad de Panamá
92%
Dinamarca Copenhague
92%
Irlanda Dublín
92%
Egipto El Cairo
92%
Suecia Estocolmo
92%
Ucrania Kiev
92%
Cuba La Havana
92%
Bolivia La Paz
92%
Perú Lima
92%
Portugal Lisboa
92%
Reino Unido Londres
92%
España Madrid
92%
Guinea Ecuatorial Malabo/Ciudad de la Paz
92%
Mónaco Mónaco
92%
Rusia Moscú
92%
India Nueva Delhi
92%
Noruega Oslo
92%
Canadá Ottawa
92%
Francia París
92%
China Pekín
92%
Haití Puerto Príncipe
92%
Islandia Reikiavik
92%
Italia Roma
92%
Costa Rica San José
92%
Corea del Sur Seúl
92%
Japón Tokio
92%
Austria Viena
92%
Estados Unidos Washington D.C.
92%
Andorra Andorra La Vieja
83%
Paraguay Asunción
83%
Eslovaquia Bratislava
83%
Finlandia Helsinki
83%
Israel Jerusalén
83%
Malta La Valeta
83%
Luxemburgo Luxemburgo
83%
Uruguay Montevideo
83%
Trinidad y Tobago Puerto España
83%
Ecuador Quito
83%
San Marino San Marino
83%
Chile Santiago
83%
Bulgaria Sofía
83%
Estonia Tallín
83%
Liechtenstein Vaduz
83%
Polonia Varsovia
83%
Croacia Zagreb
83%
Emiratos Árabes Unidos Abu Dhabi
75%
Argelia Argel
75%
Kazajistán Astana
75%
Irak Bagdad
75%
Azerbaiyán Bakú
75%
Moldavia Chisináu
75%
Sudáfrica Ciudad del Cabo
75%
Jamaica Kingston
75%
San Vicente y Granadinas Kingstown
75%
Bielorrusia Minsk
75%
Kenia Nairobi
75%
Chipre Nicosia
75%
Montenegro Podgorica
75%
República Checa Praga
75%
Marruecos Rabat
75%
El Salvador San Salvador
75%
República Dominicana Santo Domingo
75%
Bosnia y Herzegovina Sarajevo
75%
Singapur Singapur
75%
Bolivia Sucre
75%
Albania Tirana
75%
Túnez Túnez
75%
Nueva Zelanda Wellington
75%
Tailandia Bangkok
67%
Líbano Beirut
67%
Serbia Belgrado
67%
Belice Belmopán
67%
Barbados Bridgetown
67%
Guatemala Ciudad de Guatemala
67%
Bangladés Daca
67%
Senegal Dakar
67%
Guyana Georgetown
67%
Pakistán Islamabad
67%
Kuwait Kuwait
67%
Eslovenia Liubliana
67%
Nicaragua Managua
67%
Filipinas Manila
67%
Bahamas Nasáu
67%
Surinam Paramaribo
67%
Kosovo Pristina
67%
Letonia Riga
67%
Macedonia del Norte Skopie
67%
Irán Teherán
67%
Georgia Tiflis
67%
Libia Trípoli
67%
Lituania Vilna
67%
Yibuti Yibuti
67%
Jordania Amán
58%
San Cristóbal y Nieves Basseterre
58%
Santa Lucía Castries
58%
Siria Damasco
58%
Catar Doha
58%
Armenia Ereván
58%
Sierra Leona Freetown
58%
Zimbabwe Harare
58%
Afganistán Kabul
58%
Nepal Katmandú
58%
Malasia Kuala Lumpur
58%
Mozambique Maputo
58%
Omán Mascate
58%
Myanmar (Birmania) Naipyidó
58%
Benín Porto Novo
58%
Arabia Saudita Riad
58%
Dominica Roseau
58%
Antigua y Barbuda Saint John´s
58%
Yemen Saná
58%
Santo Tomé y Príncipe Santo Tomé
58%
Taiwán Taipéi
58%
Honduras Tegucigalpa
58%
Mongolia Ulán Bator
58%
Indonesia Yakarta
58%
Nigeria Abuya
50%
Ghana Acra
50%
Etiopía Adis Abeba
50%
Madagascar Antananarivo
50%
Eritrea Asmara
50%
Mali Bamako
50%
Brunéi Bandar Seri Begawan
50%
Guinea-Bisáu Bisáu
50%
Kirguistán Biskek
50%
República del Congo Brazzaville
50%
Timor Oriental Dili
50%
Tanzania Dodoma
50%
Botswana Gaborone
50%
Vietnam Hanói
50%
República Democrática del Congo Kinsasa
50%
Gabón Libreville
50%
Togo Lomé
50%
Angola Luanda
50%
Zambia Lusaka
50%
Maldivas Malé
50%
Barhéin Manama
50%
Somalia Mogadiscio
50%
Mauricio Port Louis
50%
Cabo Verde Praia
50%
Papúa Nueva Guinea Puerto Moresby
50%
Fiyi Suva
50%
Bután Timbu
50%
Seychelles Victoria
50%
Laos Vientián
50%
Sudán del Sur Yuba
50%
Turkmenistán Asjabad
42%
República Centroafricana Bangui
42%
Gambia Banjul
42%
Guinea Conakri
42%
Tayikistán Dusambé
42%
Sudán Jartum
42%
Ruanda Kigali
42%
Malawi Lilongüe
42%
Eswatini (Suazilandia) Mbabane
42%
Liberia Monrovia
42%
Comoras Moroni
42%
Camboya Nom Pen
42%
Estados Federados de Micronesia Palikir
42%
Vanuatu Port Vila
42%
Sudáfrica Pretoria
42%
Corea del Norte Pyongyang
42%
Kiribati Tarawa
42%
Samoa Apia
33%
Benín Cotonú
33%
Tuvalu Funafuti
33%
Burundi Gitega
33%
Uganda Kampala
33%
Lesoto Maseru
33%
Níger Niamey
33%
Uzbekistán Taskent
33%
Burkina Faso Uagadugú
33%
Chad Yamena
33%
Nauru Yaren
33%
Sudáfrica Bloemfontein
25%
Islas Salomón Honiara
25%
Islas Marshall Majuro
25%
Palaos Ngerulmud
25%
Mauritania Nuakchot
25%
Tonga Nukualofa
25%
Granada Saint George´s
25%
Sri Lanka Sri Jayawardenapura Kotte y Colombo
25%
Costa de Marfil Yamusukro
25%
Camerún Yaundé
25%
Namibia Windhoek
17%
No se encontraron pruebas coincidentes
Distribución de puntuación
Porcentaje de gente con cada puntuación
Porcentaje por número respondido
Historial de tus puntuaciones
No has intentado esta prueba desde el último reinicio